Overview of the Labour Market Situation of Low-Educated and Roma Population and Regulations Affecting Their Employment CELSI Reserach Report No. 4

Salvato in:
Dettagli Bibliografici
Autore principale: Brožovičová, Klára
Altri autori: Fabo, Brian, Kahanec, Martin, 1977-, Messing, Vera
Natura: Libro
Lingua:inglese
Pubblicazione: Bratislava Central European Labour Studies Institute 2013
Edizione:1st Edition
Soggetti:
Tags: Aggiungi Tag
Nessun Tag, puoi essere il primo ad aggiungerne!!

MARC

LEADER 00000nlm a2200000 4500
001 0307130
005 20250218142801.1
041 0 |a eng 
044 |a SK 
245 1 0 |a Overview of the Labour Market Situation of Low-Educated and Roma Population and Regulations Affecting Their Employment  |b CELSI Reserach Report No. 4  |c Klára Brožovičová, Brian Fabo, Martin Kahanec, Vera Messing 
250 |a 1st Edition 
264 1 |a Bratislava  |b Central European Labour Studies Institute  |c 2013 
300 |a 78 s. 
610 2 0 |a trh práce 
610 2 0 |a sily pracovné 
610 2 0 |a vzdelanie 
610 2 0 |a menšiny národnostné 
610 2 0 |a regulácia 
610 2 0 |a zamestnanosť 
100 1 |a Brožovičová, Klára 
700 1 |a Fabo, Brian 
700 1 |a Kahanec, Martin, 1977- 
700 1 |a Messing, Vera